Public policies for environmental protection (Registro nro. 2730)

Detalles MARC
000 -CABECERA
Campo de control 00982cam a2200277 a 4500
005 - FECHA Y HORA DE LA ULTIMA TRANSACCION
Campo de control 20160204170216.0
008 - ELEMENTOS DE LONGITUD FIJA—INFORMACION GENERAL
Campo de control 050905t 2000dcua gr 001 0 eng d
015 ## - NATIONAL BIBLIOGRAPHY NUMBER
National bibliography number NNN
020 ## - ISBN
ISBN 1891853031
040 ## - FUENTE DE CATALOGACIÓN
Agencia catalogadora original DLC
Agencia transcriptora DLC
Agencia Modificadora DLC
-- CO-BoPUJ
-- CO-BoIAVH
041 0# - IDIOMA
Código de idioma para texto/pista de sonido o título separado Inglés
043 ## - GEOGRAPHIC AREA CODE
Geographic area code n-us---
082 04 - NUMERO DE CLASIFICACION DECIMAL DEWEY
Número de clasificación 333.7
Número del ítem P97p
245 00 - MENCION DE TITULO
Título Public policies for environmental protection
Mención de responsabilidad editores Paul R. Portney and Robert N. Stavins ; Myrick Freeman, A....[et al.]
250 ## - MENCION DE EDICION
Mención de edición 2nd ed.
260 ## - PUBLICACION, DISTRIBUCION, ETC. (PIE DE IMPRENTA)
Lugar de publicación, distribución, etc. Washington, DC
Nombre del editor, distribuidor, etc. Resources for the Future
Fecha de publicación, distribución, etc. c2000.
300 ## - DESCRIPCION FISICA
Extensión x, 294 p.
Otros detalles físicos il.
Dimensiones 23 cm.
504 ## - NOTA DE BIBLIOGRAFIA, ETC.
Nota de bibliografía Incluye referencias bibliográficas e indice.
650 24 - ASIENTO SECUNDARIO DE MATERIA - TERMINO TEMATICO
Término temático o nombre geográfico como elemento de entrada Politica ambiental
Subdivisión geográfica Estados unidos
650 24 - ASIENTO SECUNDARIO DE MATERIA - TERMINO TEMATICO
Término temático o nombre geográfico como elemento de entrada Derecho ambiental
Subdivisión geográfica Estados unidos
650 24 - ASIENTO SECUNDARIO DE MATERIA - TERMINO TEMATICO
Término temático o nombre geográfico como elemento de entrada Polucion
Subdivisión general Legislacion
Subdivisión geográfica Estados unidos
700 1# - ASIENTO SECUNDARIO - NOMBRE PERSONAL
Nombre personal Portney, Paul R.
700 1# - ASIENTO SECUNDARIO - NOMBRE PERSONAL
Nombre personal Stavins, Robert N.
Fechas asociadas con el nombre 1948-
700 1# - ASIENTO SECUNDARIO - NOMBRE PERSONAL
Nombre personal Freeman, Albert Myrick
Fechas asociadas con el nombre 1936-
942 ## - ELEMENTOS ADICIONALES (KOHA)
Sistema de clasificación Dewey Decimal Classification
Tipo de ítem Libro
Existencias
Withdrawn status Lost status Sistema de Clasificación Damaged status No para préstamo Colección Inventariado Ubicación Permanente Ubicación actual Fecha de adquisición Fuente de Valor Valor Total Checkouts Número topográfico Inventario / Código de Barras Date last seen Ejemplar Price effective from Forma de adquisición Tipo de material
    Dewey Decimal Classification     General Inventariado 2017 Bogotá Bogotá 14/06/2002 Instituto 39000.00   LB-333.7 P97p 004930 04/12/2012 Ej. 1 04/12/2012   Libro